Loading...

History of muslim world /

Bibliographic Details
Main Author: Mishra, Kaushlendra
Language:Undetermined
Published: Delhi : Navyug Books International , 2011.
Subjects:
LEADER 00555nam a2200169Ia 4500
001 174294
008 170722s9999 xx 000 0 und d
020 |a 9789380731490 
100 |a Mishra, Kaushlendra 
245 |a History of muslim world / 
260 |a Delhi :  |b Navyug Books International ,  |c 2011. 
300 |a vi+280 
653 |a Muslims,history 
923 |d 20111212  |n 3108 
942 |c GEN 
999 |c 146384  |d 146384 
952 |0 0  |1 0  |4 0  |6 V_1Q71_Q1  |7 0  |9 206616  |a LIB  |b LIB  |d 2013-03-25  |e Penta Book Distributors  |o V1(Q7):1 Q1  |p 285087  |r 2017-08-12  |v 800.00  |w 2017-08-12  |y GEN